| 000 | 00715cam a2200253u 4500 | ||
|---|---|---|---|
| 999 |
_c9947 _d9947 |
||
| 001 | 9947 | ||
| 003 | BD-JhCC | ||
| 005 | 20180404095015.0 | ||
| 008 | 180403s1965 inuc d 000 0 eng | ||
| 035 | _a(BD-JhCC)9947 | ||
| 040 |
_aDLC _cCarP _dDLC _dBD-JhCC |
||
| 041 | _aeng | ||
| 050 | 0 | 0 |
_aQC505 _b.G7 1965 |
| 082 | _bGRA 1965 | ||
| 100 | 1 |
_d1875- _aGraham, Frank Duncan |
|
| 245 | 1 | 0 |
_aAudels New Electric Science Dictionary / _cFrank Duncan Graham |
| 260 |
_aIndianapolis : _bT. Audel, _c1965. |
||
| 300 |
_aX, 549 p. _bport. _c17 cm. |
||
| 650 | 0 |
_aElectricity _vDictionaries. |
|
| 740 | 0 | _aAudels electric dictionary. | |
| 740 | 0 | _aNew electric science dictionary. | |
| 942 |
_2ddc _cREF |
||